000 00601nam a2200193Ia 4500
001 20610
003 GE_BSU
008 181216s||||||||xx |||||||||||||| ||und||
040 _cGE_BSU
245 _aГеография и природные ресурсы.№1. Январь-Март 2017
245 _cГл. ред. В.М.Плюснин. (ред.колл.)
260 _aМосква
260 _c2017
300 _a208стр. 28см.
653 _aГеография и природные ресурсы.
653 _aПериодика
653 _aპერიოდიკა
942 _cCR
999 _c53564
_d53564